000 00745nam a2200277Ia 4500
005 20250425162014.0
008 250425s9999 xx 000 0 und d
020 _a0138803854
041 _aspa
082 _a531.11
100 _aOGATA, KATSUHIKO
245 0 _aDINAMICA DE SISTEMAS
250 _a1A ED.
260 _aMEXICO
_bPRENTICE HALL
260 _aMéxico
_bUNIVERSITY OF MINNESOTA
_c1987
300 _a619
500 _aTítulo Traducido: SYSTEM DYNAMICS
650 _aSISTEMAS ELECTRICOS
650 _aSISTEMAS HIDRAULICOS
650 _aSISTEMAS LINEALES
650 _aSISTEMAS MECANICOS
650 _aSISTEMAS NEUMATICOS
700 _aGUILLERMO LOPEZ PORTILLO SANCHEZ
_etraductor
942 _c01
010 _a39779
999 _c220475
_d220475